Από την πόλη και το τοπικό στο περιφερειακό και το παγκόσμιο : δοκίμια για τις συγκοινωνίες, την ανάπτυξη και το περιβάλλον

Αποθηκεύτηκε σε:
Λεπτομέρειες βιβλιογραφικής εγγραφής
Κύριος συγγραφέας: Σκλαβούνος, Γεράσιμος Σ. 1947-
Μορφή: Βιβλίο
Γλώσσα:Greek
Δημοσίευση: Αθήνα : Γόρδιος, c2006
Θέματα:
Ετικέτες: Προσθήκη ετικέτας
Δεν υπάρχουν, Καταχωρήστε ετικέτα πρώτοι!

MARC

LEADER 00000nam a2200000 i 4500
001 1/53484
008 070831s2006 gre d
020 |a 960-7083-79-2 
035 |l 10090299 
040 |a GR-MY-UA  |b gre  |e aacr 
041 0 |a gre 
082 0 |a 307.1416  |2 (22) 
100 1 |a Σκλαβούνος, Γεράσιμος Σ.  |d 1947- 
245 1 0 |a Από την πόλη και το τοπικό στο περιφερειακό και το παγκόσμιο :  |b δοκίμια για τις συγκοινωνίες, την ανάπτυξη και το περιβάλλον /  |c Γεράσιμος Σ. Σκλαβούνος 
260 |a Αθήνα :   |b Γόρδιος,   |c c2006 
300 |a 472 σ.;  |c 20 εκ.  
504 |a Βιβλιογραφία 
650 0 0 |a City planning. 
650 0 0 |a Urban ecology. 
650 0 0 |a Urban transportation. 
852 |a INST  |b LESVOS  |e 20070831  |h 307.1416 ΣΚΛ  |p 005100037698  |q 005100037698  |t BK  |y 0 
901 |a BIBL1-2007-2 
909 |a Λ  |b 136526 
922 |a 1ΕΛΗ  |b 2007-07  |c ΕΠΕΑΕΚ2/ΤΓ  |d Σ. ΠΑΤΑΚΗΣ 
970 |a ΧΑΤΖΗΜΙΧΑΗΛ  |b ΜΑΡΙΑ  |z 2007/08/31